000 00580nam a22001817a 4500
003 CEME
005 20210628203830.0
008 210308b xxu||||| |||| 00| 0 eng d
020 _a0-27389-056-6
040 _c.
082 _a658.562 HAR'Q
100 _aHart, Marilyn K , Hart, Robert F
_967476
245 _aQuantitative methods for quality and productivity improvement
260 _aUSA
_bASQC
_c1989
300 _aXI, 363P
650 _aQUALITY CONTROL STATITICAL METHODS PRODUCTION MANAGEMENT QUAITY CONTROL QUALITY CONTROL CHARTS DIAGRAMS ETC
_967477
942 _cBK
_2ddc
999 _c575252
_d575252